00497 2200181 4500001002100000005001500021008004100036020002000077035001900097041000800116082001000124090001600134100002400150245005500174260002900229300003000258650002700288INLIS00000000000269820241224112603241224||||||||| | ||| |||| ||sun|| a978-602-95986-0 0010-1224002698 asun0 a819.1 a819.1 CHY k0 aChye Retty Isnendes00aKumpulan Puisi Sunda Moderen; Nu Nyusuk dina Sukma bDaluang Publishingc2010 axiii+109 hlm;12 x 17.5 cm 0aSastra -- Sastra Sunda